| 000 | 00497nam a22001817a 4500 | ||
|---|---|---|---|
| 999 |
_c6244 _d6244 |
||
| 003 | GBCCL | ||
| 005 | 20241126110559.0 | ||
| 008 | 180504b ||||| |||| 00| 0 eng d | ||
| 020 | _a0835805522 | ||
| 040 | _cgbc | ||
| 082 |
_a242.2 _bDIS |
||
| 110 |
_aThe Upper Room _911203 |
||
| 245 |
_aThe upper room disciplines 1988 / _cEdited by Janet McNish Bugg, et.al. |
||
| 260 |
_aNashville: _bUpper Room, _c1987 |
||
| 300 |
_a382 p.; _c18 cm. |
||
| 650 |
_aDevotional Calendars _91878 |
||
| 942 |
_2ddc _cBK |
||